University Home | Library Home | Institutional Repository

Phytopathology (Record no. 9905)

MARC details
000 -LEADER
fixed length control field 00534cas a2200157 4500
008 - FIXED-LENGTH DATA ELEMENTS--GENERAL INFORMATION
fixed length control field 150918n eng u
022 ## - INTERNATIONAL STANDARD SERIAL NUMBER
International Standard Serial Number 0331949X
035 ## - SYSTEM CONTROL NUMBER
System control number (Sirsi) a192442
050 ## - LIBRARY OF CONGRESS CALL NUMBER
Classification number SB599.P9
245 ## - TITLE STATEMENT
Title Phytopathology
Remainder of title An international journal of the Ameriacan Phytopathological Society.
260 ## - PUBLICATION, DISTRIBUTION, ETC.
Place of publication, distribution, etc. St. Paul
Name of publisher, distributor, etc. The American phytopathological Society.
310 ## - CURRENT PUBLICATION FREQUENCY
Current publication frequency Monthly.
362 ## - DATES OF PUBLICATION AND/OR SEQUENTIAL DESIGNATION
Dates of publication and/or sequential designation Vol. 72, No. 7, 1982 - Vol. 85, No. 6, 1995.
520 ## - SUMMARY, ETC.
Summary, etc. It publishes articles in Phytopathology.
650 ## - SUBJECT ADDED ENTRY--TOPICAL TERM
Topical term or geographic name entry element Phytopathology.
Holdings
Withdrawn status Lost status Source of classification or shelving scheme Damaged status Not for loan Home library Current library Shelving location Total Checkouts Full call number Barcode Date last seen Copy number Price effective from Koha item type
    Library of Congress Classification     Main Library Main Library Serials   SB599.P9 949X7271982 08/12/2019 1 08/12/2019 Periodical
    Library of Congress Classification     Main Library Main Library Serials   SB599.P9 949X8561995 08/12/2019 2 08/12/2019 Periodical
© 2026 - The University of Zambia Library - Koha v25.11